Heute gesprochene Germanische Sprachen - Statistiken

Allgemein
  • Dieses Quiz wurde 156 mal gespielt
  • Das Durchschnittsergebnis liegt bei 6 aus 9
Antwortstatistiken
Spezifische Gruppe Antworten % Korrekt
Western Deutsch
99%
Norden Schwedisch
87%
Norden Norwegisch
86%
Norden Dänisch
84%
Western Niederländisch
81%
Western Englisch
81%
Norden Isländisch
70%
Western Luxemburgisch
36%
Western Afrikaans
16%
Keine übereinstimmenden Quizze gefunden
Verteilung der Resultate
Anzahl Personen mit jedem Resultat
Perzentil nach korrekt beantworteten Fragen
Ihre Resultats-Entwicklung
Sie haben dieses Quiz noch nicht gespielt